000 00635nam a2200241Ia 4500
003 OSt
005 20220918182406.0
006 a|||||r|||| 00| 0
007 ta
008 220917b |||||||| |||| 00| 0 eng d
024 _a32,265
037 _cTextual
040 _aARTS
_cARTS
_beng
041 _2eng
_aeng
082 _aO-,3M041a, D5
100 _aBrown Nina E
_960195
245 0 _aBibliography of Nathaniel Hawthorne
260 _aBoston
_bHoughton
_c1905
300 _aix, 215p.
_ccm.
650 _aENGLISH LITERATURE
942 _hO-,3M041a, D5
_cTEXL
_2CC
999 _c168827
_d168827